=LDR 00000nam 2200000 4500 =001 INLIS000000000016723 =005 20130612111957 =008 ***********************************Ind** =035 ##$$0010-061300000016723 =041 ##$$a Ind =082 ##$$a F Rom D =090 ##$$a F Rom D, Tur k =100 ##$$a Tur, Kusalah Subagya =245 ##$$a Kampus kabelnya menjadi mahasiswa di Unisviet, Koeslah Soebagyo Tour =260 ##$$a 2003 $b Jakarta =300 ##$$a xiv, 190 hlm, 21 cm =650 ##$$a Fiksi Dewasa-Indonesia =850 ##$$a NBPNMAT